000 00766cab a2200253 4500
001 ABS47446
008 090401t1992 xxu||||| |||| 00| 0 eng d
035 _a(Sirsi) u61989
041 _aeng
100 _aHalman, G.
245 _aHighway works: developers` contributions
260 _c1992
350 _a0
490 _aEstates Gazette
_v(9244) 7 November 1992, 110-116(4)
520 _aSummarises the content and comments on the DTp "Consultation document on developers` contributions to highway works".
650 _aCOSTS
650 _aDEVELOPERS CONTRIBUTIONS
650 _aFINANCIAL CONTRIBUTIONS
650 _aHIGHWAY WORKS
650 _aINFRASTRUCTURE COSTS
690 _aPROPERTY-PROPERTY DEVELOPMENT
942 _n0
948 _c04/03/1997
999 _c38472
_d38472